00429nam a22001457a 450000500170000000800410001702000180005804100130007608200150008910000260010424500520013026000440018230000310022665000260025720231116090419.0231116b |||||||| |||| 00| 0 eng d a9780409124163 aEnglish  a344.1 LER  ale Roux, R lEnglish  aRetrenchment Law in South Africa / cR le Roux  aDurban : bLexisNexis (Pty) Ltd, c2016 bxvi, 228 pages ; c25 cm.  aLegal practice bLaw